| 000 | 00378cam a2200169ua 4500 | ||
|---|---|---|---|
| 020 | _a9780070648555 | ||
| 082 |
_a551.48 _bSUB/EN |
||
| 100 |
_aSubramanya, K . _9149 |
||
| 245 | _aEngineering Hydrology | ||
| 250 | _a2/3 | ||
| 260 |
_aNew Delhi : _bTata Mc-Graw Hill Publishing Company , _c1994. |
||
| 300 | _a392 ; . | ||
| 500 | _a*CSS | ||
| 942 | _cBK | ||
| 999 |
_c78 _d78 |
||
| 003 | @ | ||
| 003 | OSt | ||